Roteiro Ecológico da Ria Formosa (Registo nº 738)

Detalhes MARC
000 -Etiqueta do registo
Cabeçalho 00855nam0a22002891 4500
005 - Identificador da versão
Campo de controlo 20240813121811.0
021 ## - Número do Depósito Legal
Código do país PT
Número 252177/06
035 ## - Other System Control Numbers
System Control Number 0000808
System Control Number 0000803
System Control Number 0000796
System Control Number 0000784
100 ## - Dados gerais de processamento
Dados gerais de processamento 20071026d2006 a e0pory5003 ba
102 ## - Pais de publicação ou produção
País de publicação Portugal
101 0# - Língua de publicação
Língua do texto, banda sonora, etc. Português
Língua do documento no original Português
106 ## - Campo de dados codificados: material textual
Dados codificados do material textual r
105 ## - Campo de dados codificados: livros
Dados codificados dos livros a z 001yy
215 ## - Descrição física 
Indicação específica da natureza do documento e extensão da espécie 89 p.
Outras indicações físicas il.
Dimensões cm
200 1# - Titulo e menção de responsabilidade
Título próprio Roteiro Ecológico da Ria Formosa
Título paralelo V. - unicelulares
Primeira menção de responsabilidade Sadat Muzavor, Rita B.Domingues, Maria Alexandra Chícharo e Luís Chícharo
Outras menções de responsabilidade Foto Klaus von Bröckel, Maria Alexandra Chícharo, Rita B. Domingues e Idílio Jorge Pinto
205 ## - Menção da edição
Menção da edição 1ª ed
210 ## - Publicação, Distribuição, etc. 
Lugar da edição, distribuição, etc. Faro
Nome do editor, distribuidor, etc. CIMA/ Universidade do Algarve
Data da publicação, distribuição, etc. 2006
675 ## - Classificação Decimal Universal (CDU)
Notação 574
Língua da edição por
702 #1 - Nome de autor-pessoa física (responsabilidade secundária)
Número de registo de entrada de autoridade 0001017
Código de função Fotógrafo
700 #1 - Nome de autor-pessoa física (responsabilidade principal)
Número de registo de entrada de autoridade 0001016
Palavra de ordem Muzavor
942 ## - Elementos de entrada adicionados (Koha)
Tipo de item no Koha Livro
Exemplares
Situação do levantamento Origin of item (home branch) (coded) Biblioteca de empréstimo Código de barras Circulation type (not for loan) Tipo de documento Nota do exemplar Damaged status
  Biblioteca Escolar Eng. Nuno Mergulhão Biblioteca Escolar Eng. Nuno Mergulhão BENM1267   Livro Sem mensagem